000 00618cam a2200217 i 4500
001 2705423
005 20180216034247.0
008 760916s1976 ilua b 001 0 eng
010 _a 76000337
020 _a081513925X :
_c$19.50
040 _aDLC
_cDLC
_dDLC
041 _aeng
080 _a616.3 GRE
082 0 0 _a616.3 GRE
100 1 _a9
101 _aGAS
245 1 0 _aGastrointestinal disorders, a pathophysiologic approach /
_cby Norton J. Greenberger and Daniel H. Winship.
504 _aIncludes bibliographies and index.
906 _a7
_bcbc
_corignew
_du
_eocip
_f19
_gy-gencatlg
942 _2ddc
_cBK
999 _c42736
_d42736